Тематические указатели литературы. Вып.34: Постоянные запоминающие устройства (Запись № 1924695)

Подробности
000 -МАРКЕР
контрольное поле 01772nam2a22002771 4500
001 - ИДЕНТИФИКАТОР ЗАПИСИ
контрольное поле RU\NLR\INFOCOMM_29\5000104776
005 - ИДЕНТИФИКАТОР ВЕРСИИ
контрольное поле 20250617145210.0
035 ## - ДРУГИЕ СИСТЕМНЫЕ НОМЕРА
Идентификатор записи (NLR Aleph) 002726807
100 ## - ДАННЫЕ ОБЩЕЙ ОБРАБОТКИ
Данные общей обработки 20050203d1972 |||y0rusy50 ca
101 0# - ЯЗЫК РЕСУРСА
Язык текста, звукозаписи и т.д. русский
102 ## - СТРАНА ПУБЛИКАЦИИ ИЛИ ПРОИЗВОДСТВА
Страна публикации российская федерация
105 ## - ПОЛЕ КОДИРОВАННЫХ ДАННЫХ: ТЕКСТОВЫЕ МАТЕРИАЛЫ, МОНОГРАФИЧЕСКИЕ
Кодированные данные о монографическом текстовом документе y ||||000|y
200 1# - ЗАГЛАВИЕ И СВЕДЕНИЯ ОБ ОТВЕТСТВЕННОСТИ
Основное заглавие Постоянные запоминающие устройства
Первые сведения об ответственности Н.И. Докукина
210 ## - ПУБЛИКАЦИЯ, РАСПРОСТРАНЕНИЕ И ДР.
Дата издания, распространения и т.д. 1972
Место издания, распространения и т.д. Б. м.
225 1# - СЕРИЯ
Основное заглавие серии ...
Обозначение тома Вып.34
Наименование части ...
Обозначение тома 1972, №2
461 #0 - УРОВЕНЬ НАБОРА
Встроенное поле 001RU\NLR\INFOCOMM29\5000103559
-- 2001#$aТематические указатели литературы$fМ-во электронной пром-сти СССР. Ин-т "Электроника"$vВып.34
Системный номер (АБИС) связанной записи 1907610
Автор "Электроника", институт (Москва)
Место публикации М.
Дата публикации 1962-1983
Первые сведения об ответственности М-во электронной пром-сти СССР. Ин-т "Электроника"
Заглавие Тематические указатели литературы
Номер тома Вып.34
462 #0 - УРОВЕНЬ ПОДНАБОРА
Встроенное поле 001RU\NLR\INFOCOMM29\5000104755
-- 2001#$aТематические указатели литературы$hСерия 9$iЭкономика и системы управления$fЦНИИ "Электроника"$v1972, №2
Системный номер (АБИС) связанной записи 1924676
Автор "Электроника", институт (Москва)
Место публикации М.
Дата публикации 1972-1979
Первые сведения об ответственности ЦНИИ "Электроника"
Номер части Серия 9
Заглавие части Экономика и системы управления
Заглавие Тематические указатели литературы. - Тематические указатели литературы
Номер тома 1972, №2
700 #1 - ИМЯ ЛИЦА - ПЕРВИЧНАЯ ОТВЕТСТВЕННОСТЬ
Начальный элемент ввода Докукина
Часть имени, кроме начального элемента ввода Н.И.
Код отношения Автор
801 #1 - ИСТОЧНИК ЗАПИСИ
Страна российская федерация
Организация InfoComm
Дата составления 20050203
801 #0 - ИСТОЧНИК ЗАПИСИ
Страна российская федерация
Организация NLR
Правила каталогизации PSBO
852 ## - МЕСТОНАХОЖДЕНИЕ И ШИФР ХРАНЕНИЯ
Идентификатор организации NLR
Шифр хранения (Call Number) С315-410/Т-32
942 ## - ДОПОЛНИТЕЛЬНЫЕ ЭЛЕМЕНТЫ ЗАПИСИ (АБИС)
Тип экземпляра АБИС Выпуск
980 ## - КОЛЛЕКЦИЯ
Название коллекции Национальная библиография
980 ## - КОЛЛЕКЦИЯ
Название коллекции Русская периодика

Нет доступных экземпляров.